00736nam a2200181Ia 4500001001000000003000500010008004100015010001100056040000900067100003700076245018900113260003400302300001000336502010600346650002600452650002600478710005000504Para_5953CHAP220125s1983 xx 000 0 und d a204737 cCHAP aPacheco Covarrubias, Juan José aBúsqueda de sustancias tóxicas en plantas medicinales, contra larvas de mosquito casero (Culex quinque-fasciatus Say) (Diptera :b Culicidae) /c por Juan José Pache Covarrubias aChapingo, Méx. :b el autor a63 h. aTesis (Ing. Agr. Esp. en Parasitología Agrícola) -- UACh. Departamento Parasitología Agrícola aCulex quinquefsciatus aPlantas insecticidas  aUACh. Departamento Parasitología Agrícola